[Event "Let's Play Chess!"]
[Site "http://www.queenalice.com/game.php?id=660024"]
[Date "2009.9.29"]
[Round "-"]
[White "ZZZZ"]
[Black "Incognita"]
[Result "1-0"]
[WhiteElo "1735"]
[BlackElo "1689"]

1. e4 c5 2. Bc4 Nc6 3. Qh5 e6 4. Nc3 Nf6 5. Qf3 Nd4 6. Qd3 d5 7. Bb5+ Nxb5 8.
Qxb5+ Qd7 9. Qxd7+ Bxd7 10. e5 Ng8 11. Nf3 Ne7 12. O-O O-O-O 13. d4 Nc6 14. dxc5
Bxc5 15. Bf4 h6 16. Nb5 f5 17. exf6 gxf6 18. Bd6 Bb6 19. Rad1 a6 20. Nbd4 e5 21.
Ne2 Bg4 22. Be7 Nxe7 23. Nc3 e4 24. Rde1 Bxf3 25. gxf3 Rhg8+ 26. Kh1 f5 27. f4
Bc7 28. Ne2 Ng6 29. Nd4 Rdf8 30. Rg1 1-0

[Event "Let's Play Chess!"]
[Site "http://www.queenalice.com/game.php?id=661847"]
[Date "2009.10.3"]
[Round "-"]
[White "ZZZZ"]
[Black "Abstro"]
[Result "0-1"]
[WhiteElo "1662"]
[BlackElo "1896"]

1. e4 e5 2. Qh5 d6 3. Bc4 Nh6 4. d3 Bg4 5. Bg5 Bxh5 6. Bxd8 Kxd8 7. Nc3 f5 8.
Nh3 Be7 9. Bd5 c6 10. Be6 f4 11. b4 d5 12. b5 Bb4 13. O-O Bxc3 14. Rab1 Re8 15.
Rb3 d4 16. Bc4 cxb5 17. Bd5 a6 18. Bxb7 Ra7 19. Bd5 Bf7 20. Bxf7 Nxf7 21. a4 b4
22. f3 g5 23. Nf2 a5 24. Ng4 Ra6 25. Kf2 h5 26. Nxe5 Nxe5 27. h3 Nbd7 28. g4 h4
29. Ke2 Nc5 30. Rbb1 Nxa4 31. Rfd1 Nc5 32. Rbc1 a4 33. Rb1 a3 34. Rb3 a2 35.
Rxc3 bxc3 36. Ra1 Kc7 37. Kd1 Nxf3 38. Ke2 Nd2 39. Kd1 Rb8 0-1

[Event "Let's Play Chess!"]
[Site "http://www.queenalice.com/game.php?id=661848"]
[Date "2009.10.3"]
[Round "-"]
[White "ZZZZ"]
[Black "Abstro"]
[Result "0-1"]
[WhiteElo "1655"]
[BlackElo "1901"]

1. e4 e5 2. Qf3 Qf6 3. d3 d6 4. h3 Qxf3 5. gxf3 f5 6. Nc3 f4 7. Nd5 Na6 8. d4 c6
9. Bxa6 cxd5 10. Bb5+ Bd7 11. Bxd7+ Kxd7 12. dxe5 dxe5 13. exd5 Rc8 14. c3 Nf6
15. Ne2 Nxd5 16. O-O Rc6 17. Rd1 Ke6 18. a4 a5 19. Bd2 Bc5 20. c4 Nb4 21. b3 Rb6
22. Nc1 Nc2 23. Ra2 Nd4 24. Nd3 Be7 25. Bxa5 Rxb3 26. Bc7 Ne2+ 27. Kg2 Nc3 28.
Re1 Nxa2 29. Rxe5+ Kd7 30. Ba5 Rxd3 31. Rb5 Rb8 32. Bb6 Rd2 33. a5 Kc6 34. Ba7
Ra8 35. Bb6 Rc2 36. a6 Rxa6 37. Be3 fxe3 38. Re5 Rxf2+ 39. Kg1 Bc5 40. Re6+ Kd7
41. Re5 Nc3 0-1

[Event "Let's Play Chess!"]
[Site "http://www.queenalice.com/game.php?id=661963"]
[Date "2009.10.3"]
[Round "-"]
[White "dwrogers"]
[Black "ZZZZ"]
[Result "1-0"]
[WhiteElo "1498"]
[BlackElo "1688"]

1. e4 e5 2. Bd3 Bc5 3. Qf3 d6 4. Bc4 Nh6 5. d3 g5 6. Qh5 Qf6 7. Qf3 Qxf3 8. Nxf3
f6 9. O-O Nc6 10. a3 Bg4 11. Nc3 Bxf3 12. gxf3 Nd4 13. Kg2 Nxc2 14. Ra2 Nd4 15.
Nd5 O-O-O 16. b4 Bb6 17. Nxb6+ axb6 18. Be3 Nc6 19. b5 Ne7 20. Be6+ Kb8 21. a4
Ng6 22. a5 Rde8 23. Bd5 Nh4+ 24. Kg3 Re7 25. axb6 cxb6 26. Bxb6 f5 27. Ba7+ Kc8
28. Bb6 1-0

[Event "Let's Play."]
[Site "http://www.queenalice.com/game.php?id=663077"]
[Date "2009.10.5"]
[Round "-"]
[White "ZZZZ"]
[Black "cJw314"]
[Result "1-0"]
[WhiteElo "1673"]
[BlackElo "1638"]

1. e4 c5 2. Bc4 e6 3. Nf3 Nc6 4. O-O d5 5. exd5 exd5 6. Bb5 Bd7 7. Nc3 Nf6 8. d3
d4 9. Ne4 Nxe4 10. dxe4 g6 11. Bc4 Bg7 12. Ng5 Ne5 13. Nxf7 1-0

[Event "Fast Swissie"]
[Site "http://www.queenalice.com/game.php?id=665632"]
[Date "2009.10.11"]
[Round "5"]
[White "ZZZZ"]
[Black "nemeth"]
[Result "0-1"]
[WhiteElo "1675"]
[BlackElo "2085"]

1. e4 c5 2. Bc4 Nc6 3. Qh5 e6 4. Nf3 Nf6 5. Qg5 Nxe4 6. Qe3 d5 7. Bb5 Bd7 8. d3
Nf6 9. h3 Bd6 10. Bxc6 Bxc6 11. Qg5 O-O 12. O-O h6 13. Qe3 d4 14. Qe2 b5 15.
Nbd2 Qc7 16. b3 Rfe8 17. Ne4 Nd5 18. Nxd6 Qxd6 19. Bd2 Nf6 20. Ne5 Nd7 21. Nxd7
Bxd7 22. a4 b4 23. a5 e5 24. a6 Bc6 25. Ra5 e4 26. dxe4 Rxe4 27. Qh5 Re5 28. Qg4
Re4 29. f4 Re6 30. f5 Re4 31. Rf4 Rae8 32. Ra1 Qd5 33. f6 g6 34. Qh4 h5 35. Rxe4
Rxe4 36. Qg3 Re2 37. Qb8+ Kh7 0-1

[Event "Let's Play Chess!"]
[Site "http://www.queenalice.com/game.php?id=673624"]
[Date "2009.10.28"]
[Round "-"]
[White "widdlytinks"]
[Black "ZZZZ"]
[Result "1-0"]
[WhiteElo "1672"]
[BlackElo "1785"]

1. g3 e5 2. Bg2 Nf6 3. e4 Bc5 4. Ne2 d6 5. d4 exd4 6. Nxd4 Qe7 7. O-O Nxe4 8.
Bxe4 O-O 9. Re1 Qf6 10. Be3 Bh3 11. Qh5 Bf5 12. Nxf5 g6 13. Nh6+ Kh8 14. Qf3
Qxf3 15. Bxf3 Bb4 16. Bd4+ f6 17. c3 Ba5 18. Bxb7 Nd7 19. Bxa8 Rxa8 20. Ng4 Rf8
21. Nd2 c5 22. Bxf6+ Nxf6 23. Nxf6 Rxf6 24. Re8+ Kg7 25. Re7+ Kh6 26. Rxa7 Bb6
27. Ra4 d5 28. b3 g5 29. c4 d4 30. Ra6 Kg6 31. Ne4 Rc6 32. Nxc5 Rxc5 33. Rxb6+
Kh5 34. Rd1 Ra5 35. Rxd4 Rxa2 36. Rd7 h6 37. Rh7 Kg4 38. Rhxh6 Kf3 39. Rbf6+ Ke2
40. Rd6 Ra1+ 41. Kg2 1-0

[Event "Let's Play Chess!"]
[Site "http://www.queenalice.com/game.php?id=673682"]
[Date "2009.10.28"]
[Round "-"]
[White "agargent"]
[Black "ZZZZ"]
[Result "1-0"]
[WhiteElo "1927"]
[BlackElo "1649"]

1. e4 e5 2. Nf3 Bd6 3. Bc4 Nh6 4. d3 Qf6 5. Nc3 Qg6 6. g3 Nc6 7. Be3 Ng4 8. Qd2
b6 9. Nd5 O-O 10. O-O-O a6 11. h3 Nxe3 12. Qxe3 b5 13. Bb3 a5 14. a3 b4 15. a4
Ra6 16. Nh4 Qh5 17. Nf5 Re8 18. g4 Qg6 19. Rdg1 Ne7 20. h4 h6 21. h5 Qg5 22.
Qxg5 hxg5 23. h6 g6 24. h7+ Kh8 25. Nfxe7 Bxe7 26. Nxc7 Rf8 27. Nxa6 Bxa6 28.
Rh2 f6 29. Rh6 Bc8 30. Rgh1 d6 31. Rxg6 Be6 32. Bxe6 1-0

[Event "Let's Play Chess!"]
[Site "http://www.queenalice.com/game.php?id=673683"]
[Date "2009.10.28"]
[Round "-"]
[White "ZZZZ"]
[Black "agargent"]
[Result "0-1"]
[WhiteElo "1673"]
[BlackElo "1942"]

1. e4 c5 2. Bc4 e6 3. Nf3 Nc6 4. d4 cxd4 5. Nxd4 Bc5 6. c3 Nf6 7. Qf3 Ne5 8. Qe2
O-O 9. h3 h6 10. Bf4 Ng6 11. Qe3 e5 12. Bg3 exd4 13. cxd4 Bb4+ 14. Nc3 Re8 15.
e5 d5 16. Bb5 Bd7 17. Bxd7 Qxd7 18. O-O Bxc3 19. bxc3 Qc6 20. f3 Nh5 21. Bh2 Nh4
22. g4 Nf6 23. Qe1 g5 24. a4 a5 25. Bg3 Ng6 26. Qd2 Nd7 27. f4 f6 28. Qd3 Kg7
29. f5 Ne7 30. h4 Rf8 31. e6 Nb6 32. hxg5 hxg5 33. Kf2 Nc4 34. Rh1 Rh8 35. Rh5
Rxh5 36. gxh5 Rh8 37. Rh1 Qxa4 38. Kf3 Qa2 39. Be1 a4 40. Bf2 Nd2+ 41. Ke3 Ne4
42. Rh2 Nxf5+ 43. Kf3 Rxh5 44. Bg1 Rxh2 45. Bxh2 Qxh2 46. Kg4 Qf4+ 47. Kh3 Nf2+
0-1

[Event "Let's Play Chess!"]
[Site "http://www.queenalice.com/game.php?id=680974"]
[Date "2009.11.11"]
[Round "-"]
[White "elche"]
[Black "ZZZZ"]
[Result "0-1"]
[WhiteElo "1908"]
[BlackElo "1695"]

1. e4 e5 2. Nf3 Qf6 3. d4 Bd6 4. dxe5 Bxe5 5. Nxe5 Qxe5 6. Bd3 Nf6 7. O-O d6 8.
Re1 Ng4 9. g3 h5 10. Bf4 Qxb2 11. Nd2 Qd4 12. Be3 Qf6 13. Qf3 Qxf3 14. Nxf3 Be6
15. Ng5 Ne5 16. Nxe6 Nf3+ 17. Kf1 Nxe1 18. Nxc7+ Kd7 19. Nxa8 Nxd3 20. cxd3 Na6
21. Bxa7 Rxa8 22. Be3 Nb4 23. a4 Nxd3 24. a5 Nc5 25. f4 Nxe4 26. Bd4 f6 27. Ke2
d5 28. Kf3 Nd6 29. g4 h4 30. g5 Nf5 31. Bb6 fxg5 32. fxg5 Rf8 33. Kg4 g6 34. a6
bxa6 35. Rxa6 Rc8 36. Kf4 Rc4+ 37. Ke5 Rc2 38. Kf6 Rxh2 39. Ra7+ Kc6 40. Bc7 Rh1
41. Kxg6 Nd6 42. Bxd6 Kxd6 43. Kh5 h3 44. Ra2 Ke6 45. g6 Rg1 46. Rh2 Kf6 47.
Rxh3 Rxg6 48. Rd3 Rg5+ 49. Kh4 Rf5 50. Kg3 Ke5 51. Ra3 d4 52. Ra1 Ke4 53. Re1+
Kd3 54. Rd1+ Kc3 55. Rc1+ Kb2 56. Rd1 Rd5 57. Kf2 d3 58. Rd2+ Kc3 59. Ke1 Rf5
0-1

[Event "Let's Play Chess!"]
[Site "http://www.queenalice.com/game.php?id=680986"]
[Date "2009.11.11"]
[Round "-"]
[White "ZZZZ"]
[Black "elche"]
[Result "1-0"]
[WhiteElo "1668"]
[BlackElo "1945"]

1. e4 c5 2. Bc4 Nc6 3. Qf3 Ne5 4. Qc3 d6 5. d3 Bd7 6. Bf4 Nxc4 7. Qxc4 Nf6 8.
Nf3 e5 9. Ng5 Be6 10. Nxe6 fxe6 11. Qxe6+ Qe7 12. Qxe7+ Bxe7 13. Bg5 O-O 14. Nc3
a6 15. O-O b5 16. h4 h6 17. Bxf6 Bxf6 18. g3 g5 19. Nd5 b4 20. Kg2 a5 21. Nxf6+
Kg7 22. Nh5+ Kg6 23. g4 a4 24. a3 Rfb8 25. b3 bxa3 26. Rxa3 axb3 27. Rxb3 Rxb3
28. cxb3 Rd8 29. Ng3 gxh4 30. Nf5 Rd7 31. f4 h5 32. g5 exf4 33. Rxf4 Kxg5 34.
Rxh4 d5 35. Kf3 Rf7 36. Kg3 dxe4 37. dxe4 Rf6 38. Ne3 Rb6 39. Rh2 Rxb3 40. Kf3
c4 41. e5 c3 42. Ke4 Kh6 43. Kf5 Rb5 44. Kf6 Rb2 45. Rc2 Rb1 46. e6 h4 47. e7
Rb8 48. Rxc3 Kh5 49. Rc5+ Kh6 50. Ng4+ Kh7 51. Rh5+ Kg8 52. Nh6+ Kh7 53. Nf7+
Kg8 54. Rh8# 1-0

[Event "BR 2009 Part 2"]
[Site "http://www.queenalice.com/game.php?id=682097"]
[Date "2009.11.12"]
[Round "1"]
[White "ZZZZ"]
[Black "Tanatos"]
[Result "1-0"]
[WhiteElo "1776"]
[BlackElo "1652"]

1. e4 e5 2. Qh5 Nc6 3. Bc4 Nh6 4. d3 Nd4 5. Bxh6 Qf6 6. Bg5 Qg6 7. Qxg6 hxg6 8.
Kd1 Bc5 9. Be3 d6 10. Ne2 Bg4 11. f3 Nxe2 12. Bxc5 dxc5 13. Kxe2 Bd7 14. Nc3 a6
15. Nd5 O-O-O 16. Ne7+ Kb8 17. Bxf7 1-0

[Event "BR 2009 Part 2"]
[Site "http://www.queenalice.com/game.php?id=682107"]
[Date "2009.11.12"]
[Round "2"]
[White "KAXY"]
[Black "ZZZZ"]
[Result "0-1"]
[WhiteElo "1721"]
[BlackElo "1762"]

1. d4 d5 2. e3 e6 3. a3 Nf6 4. Nf3 Bd6 5. Bd2 O-O 6. Bd3 Ne4 7. O-O Nd7 8. Nc3
Nxd2 9. Qxd2 Nf6 10. Rae1 c6 11. e4 Qc7 12. e5 Be7 13. exf6 Bxf6 14. Ng5 h6 15.
Nh3 Qd6 16. Ne2 Bd8 17. b4 Bc7 18. Ng3 a5 19. Re5 axb4 20. axb4 f6 21. Re2 b5
22. Nh5 Qxh2# 0-1

[Event "BR 2009 Part 2"]
[Site "http://www.queenalice.com/game.php?id=682116"]
[Date "2009.11.12"]
[Round "3"]
[White "ZZZZ"]
[Black "Poirot"]
[Result "1-0"]
[WhiteElo "1803"]
[BlackElo "1840"]

1. e4 e5 2. Qh5 Nc6 3. Bc4 g6 4. Qf3 Nf6 5. d3 Nd4 6. Qd1 c6 7. c3 d5 8. cxd4
dxc4 9. dxe5 Nd7 10. d4 Bg7 11. Nf3 O-O 12. Bg5 f6 13. exf6 Bxf6 14. Bh6 Re8 15.
Nc3 Nb6 16. O-O Bg4 17. e5 Bg7 18. Bg5 Bxf3 19. Bxd8 Bxd1 20. Bxb6 axb6 21.
Rfxd1 Rad8 22. Ne2 c5 23. f4 Bh6 24. g3 cxd4 25. Rxd4 Rxd4 26. Nxd4 g5 27. Nf5
Bf8 28. Nd6 Bxd6 29. exd6 Rd8 30. Rc1 Rxd6 31. Rxc4 b5 32. Rc8+ Kg7 33. Rc7+ Kh6
34. Rxb7 gxf4 35. Rxb5 fxg3 36. hxg3 Rd2 37. a4 Rd3 38. Kg2 Kg7 39. b4 h6 40.
Rb7+ Kf8 41. a5 Rd2+ 42. Kh3 Ke8 43. a6 Ra2 44. b5 Kd8 45. a7 Rxa7 46. Rxa7 Kc8
47. b6 Kb8 48. Ra5 Kb7 49. Rb5 Ka6 50. Rb1 Kb7 51. g4 Kb8 52. b7 h5 53. gxh5 Kc7
54. b8=Q+ Kd7 55. Rb6 Ke7 56. Qc7+ 1-0

[Event "Challenge"]
[Site "http://www.queenalice.com/game.php?id=683046"]
[Date "2009.11.14"]
[Round "-"]
[White "thedead"]
[Black "ZZZZ"]
[Result "1/2-1/2"]
[WhiteElo "1637"]
[BlackElo "1787"]

1. e4 e5 2. Nf3 Qf6 3. d3 Nc6 4. c3 Bc5 5. g3 d6 6. Be3 Bg4 7. Bg2 Bh5 8. Bxc5
dxc5 9. Nbd2 Nh6 10. Qe2 b5 11. a3 a5 12. O-O b4 13. Nb3 bxc3 14. bxc3 a4 15.
Nxc5 Qe7 16. d4 exd4 17. Qb5 Qd6 18. Nxd4 Ra5 19. Qxc6+ Qxc6 20. Nxc6 Rxc5 21.
Nb4 Rxc3 22. e5 O-O 23. Bc6 Bg4 24. Bxa4 Be6 25. Rac1 Rxa3 26. Bd1 Rc8 27. Nc6
Kf8 28. Be2 Ra2 29. Rfe1 Nf5 30. f4 Bd7 31. Nb4 Ra4 32. Nc2 c5 33. Bg4 g6 34.
Bd1 Rc4 35. Be2 Rc3 36. Bg4 h5 37. Bh3 Ba4 38. Ne3 Rxc1 39. Rxc1 Bd7 40. Kg2 Be6
41. Nxf5 gxf5 42. Kf2 Kg7 43. Bf1 Kg6 44. Kf3 Bd5+ 45. Ke3 f6 46. exf6 Kxf6 47.
Be2 Re8+ 48. Kf2 Rc8 49. Bxh5 c4 50. Ke3 Be4 51. Bf3 Bd3 52. h4 Rg8 53. Kf2 Rc8
54. Ke3 Re8+ 55. Kf2 Rc8 56. Ke3 Rg8 57. Kf2 1/2-1/2

[Event "Let's Play Chess!"]
[Site "http://www.queenalice.com/game.php?id=690980"]
[Date "2009.11.30"]
[Round "-"]
[White "ZZZZ"]
[Black "basti822"]
[Result "1-0"]
[WhiteElo "1749"]
[BlackElo "1680"]

1. e4 g6 2. Qf3 Bg7 3. Bc4 e6 4. Ne2 Ne7 5. O-O d5 6. exd5 Nxd5 7. Nbc3 Nb4 8.
Bb5+ c6 9. Ba4 b5 10. Bxb5 Nxc2 11. Rb1 Bd7 12. Ba4 Nd4 13. Nxd4 Bxd4 14. Ne4
O-O 15. d3 Be5 16. b4 a5 17. Ba3 Bd6 18. Nxd6 Ra6 19. Nb7 Qc7 20. Nxa5 Rxa5 21.
bxa5 Qxa5 22. Qf4 c5 23. Rxb8 Bxa4 24. Rxf8+ Kxf8 25. Bb2 Bb5 26. Bf6 Qa8 27.
Qh6+ 1-0

[Event "Let's Play Chess!"]
[Site "http://www.queenalice.com/game.php?id=694659"]
[Date "2009.12.8"]
[Round "-"]
[White "ZZZZ"]
[Black "igorjava"]
[Result "0-1"]
[WhiteElo "1810"]
[BlackElo "1961"]

1. e4 c5 2. Bc4 e6 3. Nf3 Nf6 4. Ne5 Be7 5. d3 d6 6. Ng4 O-O 7. Nxf6+ Bxf6 8.
Qf3 Nc6 9. Qg3 Nd4 10. Na3 a6 11. c3 Nc6 12. Nc2 Na5 13. Ne3 Be5 14. f4 Bf6 15.
O-O Bh4 16. Qf3 b5 17. g3 Be7 18. e5 Bb7 19. Qg4 bxc4 20. dxc4 dxe5 21. Qe2 exf4
22. Rxf4 Qc7 23. Bd2 f5 24. Raf1 Qc6 25. R4f3 f4 26. Ng2 fxg3 27. Rxg3 Rxf1+ 28.
Qxf1 Rf8 29. Qe2 Bd8 30. Bh6 Bf6 31. Qg4 Rf7 32. b4 cxb4 33. cxb4 Nxc4 34. Qh3
Bd4+ 35. Be3 Nxe3 36. Rxe3 Bxe3+ 37. Nxe3 Qh1# 0-1

[Event "QA-ANNIV-04"]
[Site "http://www.queenalice.com/game.php?id=695019"]
[Date "2009.12.9"]
[Round "7"]
[White "ZZZZ"]
[Black "Danado"]
[Result "0-1"]
[WhiteElo "1781"]
[BlackElo "1559"]

1. e4 e5 2. Qh5 Nc6 3. Bc4 Nh6 4. d3 g6 5. Qf3 Nd4 6. Qd1 b5 7. Bd5 Rb8 8. c3
Ne6 9. Be3 Bc5 10. d4 exd4 11. cxd4 Bb6 12. Nf3 c6 13. Bb3 Ba5+ 14. Nbd2 Bxd2+
15. Bxd2 Ng8 16. d5 cxd5 17. exd5 Nc5 18. Bc3 b4 19. Bxh8 Qe7+ 20. Kf1 Ba6+ 21.
Kg1 Nxb3 22. axb3 Be2 23. Qd4 Bxf3 24. gxf3 Kd8 25. Qxa7 Qd6 26. Kg2 f6 27. Rhe1
Rc8 28. Rac1 Ne7 29. Rxc8+ Nxc8 30. Qa5+ Nb6 31. Qa6 h6 32. Qe2 Qf8 33. d6 Qxd6
34. Qe8+ Kc7 35. Rc1+ Kb7 36. Qxg6 Nd5 37. Qd3 Nf4+ 38. Kg1 Qxd3 39. Re1 Qg6+
40. Kf1 Qg2# 0-1

[Event "Vai mais uma????"]
[Site "http://www.queenalice.com/game.php?id=717997"]
[Date "2010.1.21"]
[Round "-"]
[White "ZZZZ"]
[Black "laoziller"]
[Result "0-1"]
[WhiteElo "1800"]
[BlackElo "1832"]

1. e4 e5 2. Nf3 Nc6 3. Bb5 d6 4. h3 Bd7 5. d3 h6 6. Nc3 a6 7. Bc4 Nf6 8. Bd2 Be7
9. Nd5 Nxd5 10. exd5 Na7 11. d4 exd4 12. Nxd4 Bf6 13. c3 b5 14. Be2 c5 15. dxc6
Nxc6 16. Bf3 O-O 17. Nxc6 Qe8+ 18. Be3 Bxc6 19. Qxd6 Bxf3 20. gxf3 Qe5 21. Qxe5
Bxe5 22. f4 Bc7 23. O-O-O Rfe8 24. Rd7 Rac8 25. f5 Be5 26. Bd4 Bf4+ 27. Kb1 Be5
28. Rg1 Bxd4 29. Rxd4 Re2 30. Rg2 Rce8 31. h4 R8e5 32. Rd8+ Kh7 33. f6 g6 34.
Rf8 Rf5 35. Rxf7+ Kg8 36. h5 Kxf7 37. hxg6+ Kg8 38. f7+ Kg7 39. a3 Rexf2 40. Rg3
Rg5 41. Rd3 Rxg6 42. f8=Q+ Rxf8 43. Rd7+ Rf7 44. Rd5 Rg5 45. Rd6 Rf6 46. Rd7+
Kg6 47. Ka2 h5 48. Rd2 h4 49. Rh2 Rg4 50. Kb3 Rff4 51. Rh3 Rg3 52. Rh1 h3 53.
Rh2 Rff3 54. Rh1 Rg2 55. Rxh3 Rxh3 0-1

[Event "Let's Play Chess!"]
[Site "http://www.queenalice.com/game.php?id=724553"]
[Date "2010.2.2"]
[Round "-"]
[White "agargent"]
[Black "ZZZZ"]
[Result "1-0"]
[WhiteElo "1973"]
[BlackElo "1820"]

1. e4 e5 2. Nf3 Qf6 3. Nc3 c6 4. d4 d6 5. dxe5 dxe5 6. Bg5 Be7 7. Bxf6 Bxf6 8.
Qd2 Ne7 9. O-O-O Bd7 10. h4 h6 11. g4 g6 12. Bc4 Na6 13. g5 Bg7 14. Qxd7+ Kf8
15. Qd8+ Rxd8 16. Rxd8# 1-0